Ecological and environmental planning for a mining project in the Western Ghats of Karnataka: a case study of Kudremukh (Record no. 501275)

000 -LEADER
fixed length control field 00590cam a22001697a 4500
008 - FIXED-LENGTH DATA ELEMENTS--GENERAL INFORMATION
fixed length control field 180718b1983 xxu||||| |||| 00| 0 eng d
082 ## - DEWEY DECIMAL CLASSIFICATION NUMBER
Classification number APPPA 82-83 SIN
100 ## - MAIN ENTRY--PERSONAL NAME
Personal name Singh, Chiranjiv
245 ## - TITLE STATEMENT
Title Ecological and environmental planning for a mining project in the Western Ghats of Karnataka: a case study of Kudremukh
Statement of responsibility, etc. by Chiranjiv Singh
260 ## - PUBLICATION, DISTRIBUTION, ETC.
Place of publication, distribution, etc. New Delhi
Name of publisher, distributor, etc. Indian Institute of Public Administration
Date of publication, distribution, etc. 1983
300 ## - PHYSICAL DESCRIPTION
Extent 66p.
650 ## - SUBJECT ADDED ENTRY--TOPICAL TERM
Topical term or geographic name entry element Kudremukh
650 ## - SUBJECT ADDED ENTRY--TOPICAL TERM
Topical term or geographic name entry element Western Ghats-Karnataka:
650 ## - SUBJECT ADDED ENTRY--TOPICAL TERM
Topical term or geographic name entry element Mining project
650 ## - SUBJECT ADDED ENTRY--TOPICAL TERM
Topical term or geographic name entry element Environmental planning
650 ## - SUBJECT ADDED ENTRY--TOPICAL TERM
Topical term or geographic name entry element Ecological
Holdings
Withdrawn status Lost status Damaged status Not for loan Permanent Location Current Location Date acquired Full call number Barcode Date last seen Price effective from Koha item type
        Indian Institute of Public Administration Indian Institute of Public Administration 2018-08-04 APPPA 82-83 SIN GR11163 2018-08-04 2018-08-04 GR

Powered by Koha